| 000 -LEADER |
| fixed length control field |
00635nam a22002297a 4500 |
| 005 - DATE AND TIME OF LATEST TRANSACTION |
| control field |
20150330084652.0 |
| 008 - FIXED-LENGTH DATA ELEMENTS--GENERAL INFORMATION |
| fixed length control field |
150330b xxu||||| |||| 00| 0 eng d |
| 020 ## - INTERNATIONAL STANDARD BOOK NUMBER |
| International Standard Book Number |
0078602424 |
| 041 0# - LANGUAGE CODE |
| Language code of text/sound track or separate title |
eng |
| 080 ## - UNIVERSAL DECIMAL CLASSIFICATION NUMBER |
| Universal Decimal Classification number |
004 |
| 100 ## - Rafti |
| Rafti |
Jonhnson, Jack E. |
| 245 ## - TITLE STATEMENT |
| Title |
Keyboarding: |
| Statement of responsibility, etc |
Jonhnson, Jack E. |
| 260 ## - |
| -- |
New York; |
| -- |
Glencoe McGraw-Hill |
| -- |
2004 |
| 300 ## - |
| -- |
157 f.: |
| -- |
me il.; |
| -- |
22 cm |
| 650 ## - |
| -- |
Kompjuterat |
| 650 ## - |
| -- |
Aplikimi i kompjuterëve |
| 700 1# - |
| -- |
Jack E. Jonson |
| 700 1# - |
| -- |
Judith Chiri-Mulkey |
| 700 1# - |
| -- |
Delores Sykes Cotton |
| 700 1# - |
| -- |
Carole G. Stanley |
| 942 ## - ADDED ENTRY ELEMENTS (KOHA) |
| Source of classification or shelving scheme |
|
| Item type |
Books |